000 00346nam a2200133Ia 4500
008 151001s9999||||xx |||||||||||||| ||und||
100 _aलीला गोळे
245 _aपरिवर्तन
250 _a1
260 _bमनोरमा प्रकाशन मुंबई
260 _c2013
300 _a147
365 _b18
999 _c999745
_d999742